00348nam a22001457a 4500003000400000008004100004020001800045082001400063100002200077245002200099250001300121260004200134300001100176650001500187OSt250711b |||||||| |||| 00| 0 eng d a9789354438714 a302.1 SIS aSINGH, Arun kumar aSocial Psychology a3rd. ed. aDelhi,bPHI Learning Pvt. Ltd,c2025, a367 p. aPsychology